Statistics for Countries with Wolverines

Click here to take the quiz!

General Stats

  • This quiz has been taken 24 times
  • The average score is 8 of 8

Answer Stats

Continent Country % Correct
North AmericaCanada
100%
Asia/ EuropeRussia
100%
North AmericaUnited States of America
100%
AsiaChina
95%
EuropeFinland
95%
EuropeNorway
95%
EuropeSweden
95%
AsiaKazakhstan
90%

Score Distribution

Percentile by Number Answered

Percent of People with Each Score

Your Score History

You have not taken this quiz